Länder Osteuropas - Statistiken

Allgemein
  • Dieses Quiz wurde 273 mal gespielt
  • Das Durchschnittsergebnis liegt bei 18 aus 21
Antworten auf der Karte
Die Antworten werden auf der Karte rot bzw. grün angezeigt, abhängig davon wie oft sie richtig erraten wurden.
 
Antwortstatistiken
Antwort % Korrekt
Polen
98%
Russland
97%
Litauen
94%
Tschechien
94%
Ukraine
94%
Lettland
93%
Belarus
92%
Estland
92%
Slowakei
90%
Ungarn
88%
Kroatien
87%
Slowenien
86%
Rumänien
85%
Serbien
81%
Albanien
76%
Bosnien und Herzegowina
76%
Bulgarien
76%
Moldawien
76%
Kosovo
71%
Nordmazedonien
66%
Montenegro
60%
Keine übereinstimmenden Quizze gefunden
Verteilung der Resultate
Anzahl Personen mit jedem Resultat
Perzentil nach korrekt beantworteten Fragen
Ihre Resultats-Entwicklung
Sie haben dieses Quiz noch nicht gespielt